000
00309nam a22001337a 4500
008
180214b xxu||||| |||| 00| 0 eng d
020
_a
9780558257132
041
_a
eng
080
_a
37
100
_a
47
101
_a
EDU
245
_a
Writing research papers a complete guide
_c
Lester,J.D
942
_2
udc
_c
BK
999
_c
42472
_d
42472